[Event "22nd ch-EUR Indiv 2022"]
[Site "Terme Catez SLO"]
[Date "2022.04.05"]
[Round "10.116"]
[White "Giannoulakis, Lampros"]
[Black "Janzelj, Lara"]
[Result "1/2-1/2"]
[WhiteTitle "FM"]
[BlackTitle "WIM"]
[WhiteElo "2362"]
[BlackElo "2160"]
[WhiteFideId "4247019"]
[BlackFideId "14608391"]
[EventDate "2022.03.27"]

1. g3 Nf6 2. Bg2 e6 3. Nf3 b6 4. O-O Bb7 5. b3 Be7 6. Bb2 O-O 7. d3 d6 8. e4
Nbd7 9. Nbd2 c5 10. Re1 Qc7 11. c3 Ne5 12. Bf1 Ba6 13. Qc2 Rfd8 14. Nh4 Ng6 15.
Ng2 d5 16. f4 dxe4 17. dxe4 Bxf1 18. Rxf1 Qd7 19. Rad1 Qd3 20. Qxd3 Rxd3 21. e5
Ng4 22. Ne4 Rad8 23. Rxd3 Rxd3 24. Re1 h5 25. h3 Nh6 26. Kf2 f5 27. exf6 gxf6
28. Ke2 Rd7 29. Nf2 Kf7 30. Bc1 f5 31. Nd3 Bf6 32. Bd2 Ke7 33. Ne3 Rd8 34. b4 h4
35. gxh4 cxb4 36. cxb4 Nxh4 37. Rc1 Rd7 38. b5 Nf7 39. Nc4 Rd5 40. a4 Nf3 41.
Nb4 Nd4+ 42. Kf2 Rd8 43. Bc3 Rc8 44. Nd2 Kd7 45. Nc6 Bh4+ 46. Ke3 Nxc6 47. bxc6+
Rxc6 48. Nf3 Be7 49. Rd1+ Ke8 50. Bd4 Rc4 51. Ra1 Bc5 52. h4 Rc3+ 53. Ke2 Rxf3
54. Kxf3 Bxd4 55. Rc1 Bc5 56. a5 Ke7 57. h5 Kf6 58. Ke2 Nh6 59. Kd3 Bd6 60. a6
Bc5 61. Kc4 Nf7 62. Kb5 e5 63. fxe5+ Nxe5 64. Rh1 f4 65. h6 Ng6 66. Rf1 Be3 67.
h7 Kg7 68. Rd1 f3 69. Rd7+ Kh8 70. Rd1 Kxh7 71. Kc4 Kh6 72. Kd3 Bc5 73. Rh1+ Kg5
74. Ke4 Nh4 75. Rd1 f2 76. Kd3 Kf4 77. Ke2 Kg3 78. Rd7 Nf5 79. Rf7 Kf4 80. Kf1
Ke4 81. Kg2 Kf4 82. Rxa7 b5 83. Rf7 Ke4 84. a7 Bxa7 85. Rxa7 Ke3 86. Ra3+ Kd4
87. Kxf2 b4 88. Ra8 Kc3 89. Rc8+ Kd2 90. Rd8+ Kc3 91. Ke2 Nd4+ 92. Kd1 Nb3 93.
Rb8 Nd4 94. Kc1 Nb3+ 95. Kb1 Nd2+ 96. Kc1 Nb3+ 97. Kd1 Nd4 98. Rc8+ Kb3 99. Kd2
Nb5 100. Kd3 Nc3 101. Kd4 Ne2+ 102. Kc5 Nc3 103. Rh8 Ne4+ 104. Kb5 Nd6+ 105. Kc5
Ne4+ 106. Kd4 Nc3 107. Rh3 Ka4 108. Kc4 Nb1 109. Rh4 Nd2+ 110. Kd3 Nb1 111. Kc2
Nc3 112. Rh8 Ne4 113. Kd3 Nd6 114. Kd4 Kb3 115. Rb8 Ka3 116. Rb6 Nf5+ 117. Kd3
Kb3 118. Ke4 Ng3+ 119. Kd4 Ka3 120. Kc4 Nf5 121. Rxb4 Ne3+ 122. Kc5 Nc2 123. Rb8
Ka4 124. Rb2 Na3 125. Rb4+ Ka5 126. Rh4 Nb5 127. Rh1 Na3 128. Rh8 Ka4 129. Rb8
Nc2 130. Rb7 Na3 131. Rb6 Ka5 132. Rb8 Ka4 133. Kd4 Nb5+ 134. Kd3 Kb4 135. Rc8
Nd6 136. Rg8 Kc5 137. Rg5+ Kc6 138. Rh5 Kb6 139. Kd4 Kc6 140. Rh6 Kd7 141. Kd5
Nc8 142. Rh7+ Ne7+ 143. Ke5 Kd8 144. Ke6 Nc8 145. Rd7+ Ke8 146. Rd1 Nb6 147. Rh1
Kd8 148. Rc1 Nc8 149. Rc6 Ne7 150. Rd6+ Ke8 151. Ra6 Nc8 152. Ra1 Kd8 153. Rc1
Ne7 154. Rd1+ Ke8 155. Rh1 Ng8 156. Rh7 Kf8 157. Ra7 Nh6 158. Rb7 Ng8 159. Ke5
Ne7 160. Kf6 Ng8+ 161. Ke6 Nh6 162. Ra7 Ng8 163. Rh7 Ke8 164. Rf7 Nh6 165. Rf1
Ng8 166. Rh1 Kf8 167. Rh7 Ke8 168. Rg7 Kf8 169. Rg6 Ne7 170. Rg1 Ng8 171. Rxg8+
Kxg8 1/2-1/2

[Event "22nd ch-EUR Indiv 2022"]
[Site "Terme Catez SLO"]
[Date "2022.04.05"]
[Round "10.118"]
[White "Kanyamarala, Tarun"]
[Black "Monpeurt, Cyrielle"]
[Result "1-0"]
[WhiteTitle "FM"]
[BlackTitle "WFM"]
[WhiteElo "2325"]
[BlackElo "2156"]
[WhiteFideId "45004714"]
[BlackFideId "677400"]
[EventDate "2022.03.27"]

1. d4 Nf6 2. Nf3 c5 3. d5 e6 4. Nc3 b5 5. Nxb5 Qa5+ 6. Nc3 Nxd5 7. Bd2 Nxc3 8.
Bxc3 Qb6 9. e4 d6 10. Bd3 Bb7 11. Ng5 Qc7 12. Qh5 Qe7 13. O-O h6 14. f4 g6 15.
Qh3 Rg8 16. Nh7 Nd7 17. Bb5 Bg7 18. f5 gxf5 19. Rf2 Bxe4 20. Re1 Bb7 21. Qg3
O-O-O 22. Bxg7 f6 23. Bxd7+ Rxd7 24. Nxf6 Rxg7 25. Qc3 Rc7 26. g3 Kb8 27. Rxf5
exf5 28. Rxe7 Rgxe7 29. Nh5 Re5 30. Nf4 Rce7 31. Kf2 Re8 32. Qd2 d5 33. Nd3 Re2+
34. Qxe2 Rxe2+ 35. Kxe2 c4 36. Ne5 Kc7 37. Ke3 Bc8 38. c3 Be6 39. Nf3 Kd6 40.
Kf4 a5 41. Nd4 a4 42. h4 Bd7 43. a3 Kc5 44. Ke5 Bc8 45. Kf6 Kd6 46. Nxf5+ Bxf5
47. Kxf5 d4 48. cxd4 Kd5 49. g4 Kxd4 50. g5 hxg5 51. hxg5 Kd3 52. g6 Kc2 53. g7
Kxb2 54. g8=Q c3 55. Qb8+ Ka2 56. Qc7 Kb2 57. Qb7+ Ka1 58. Qg7 Kb2 59. Ke4 Kb3
60. Kd3 1-0

[Event "22nd ch-EUR Indiv 2022"]
[Site "Terme Catez SLO"]
[Date "2022.04.05"]
[Round "10.119"]
[White "Stremavicius, Pijus"]
[Black "Lorscheid, Gerhard"]
[Result "1-0"]
[WhiteTitle "FM"]
[BlackTitle "FM"]
[WhiteElo "2320"]
[BlackElo "2150"]
[WhiteFideId "12812730"]
[BlackFideId "4606000"]
[EventDate "2022.03.27"]

1. b3 d5 2. Bb2 Bf5 3. d3 Nd7 4. Nf3 e6 5. Nbd2 Ngf6 6. Nh4 Bg6 7. Nxg6 hxg6 8.
g3 a5 9. a3 Bc5 10. e3 Qe7 11. Bg2 c6 12. Qe2 e5 13. O-O O-O 14. c4 b5 15. cxb5
cxb5 16. Nf3 Bd6 17. Rfc1 Nc5 18. d4 exd4 19. Nxd4 b4 20. axb4 axb4 21. Rxa8
Rxa8 22. Nc6 Qe6 23. Bxf6 gxf6 24. Nxb4 Nxb3 25. Rd1 Bxb4 26. Bxd5 Qe8 27. Qg4
Nd2 28. Qxb4 1-0

[Event "22nd ch-EUR Indiv 2022"]
[Site "Terme Catez SLO"]
[Date "2022.04.05"]
[Round "10.120"]
[White "Stevanic, David"]
[Black "Olenik Campa, Rudi"]
[Result "1-0"]
[WhiteTitle "FM"]
[BlackTitle "CM"]
[WhiteElo "2306"]
[BlackElo "2112"]
[WhiteFideId "14613921"]
[BlackFideId "14633264"]
[EventDate "2022.03.27"]

1. e4 c5 2. c3 Nf6 3. e5 Nd5 4. d4 cxd4 5. Nf3 Nc6 6. cxd4 d6 7. Bc4 e6 8. O-O
Be7 9. Qe2 O-O 10. Nc3 Nb6 11. Bd3 d5 12. Bf4 f6 13. exf6 Bxf6 14. Nb5 Rf7 15.
Ne5 Nxe5 16. dxe5 Be7 17. Be3 Bd7 18. Nd4 Na4 19. Qc2 g6 20. Nxe6 Bxe6 21. Qxa4
d4 22. Bd2 Qd5 23. f4 a6 24. Qd1 Raf8 25. Qe2 g5 26. f5 Rxf5 27. Rxf5 Rxf5 28.
Bxf5 Bxf5 29. Qf3 Qd7 30. Rf1 Bg6 31. Bxg5 d3 32. Bxe7 Qxe7 33. Qd5+ Kg7 34. Qd6 1-0

[Event "22nd ch-EUR Indiv 2022"]
[Site "Terme Catez SLO"]
[Date "2022.04.05"]
[Round "10.121"]
[White "Horvat, Damjan"]
[Black "Deuer, Marius"]
[Result "0-1"]
[BlackTitle "FM"]
[WhiteElo "2145"]
[BlackElo "2304"]
[WhiteFideId "14545535"]
[BlackFideId "16236432"]
[EventDate "2022.03.27"]

1. e4 c6 2. d3 d5 3. Nd2 e5 4. Ngf3 Bd6 5. Be2 Nd7 6. O-O Ngf6 7. c3 O-O 8. Qc2
Qc7 9. Rd1 a5 10. Nf1 dxe4 11. dxe4 Nc5 12. Ng3 h6 13. h3 Rd8 14. Be3 Be6 15.
Kh1 a4 16. Rg1 Be7 17. Nh4 Qc8 18. Nhf5 Bf8 19. f3 Kh7 20. Qc1 Nd3 21. Bxd3 Rxd3
22. Qc2 Rd8 23. Bb6 Rd7 24. Bf2 g6 25. Ne3 h5 26. Ne2 Bh6 27. g4 hxg4 28. hxg4
Bg5 29. Kg2 Kg8 30. Rh1 Qd8 31. Nf1 Bc4 32. b3 Bd3 33. Qd1 axb3 34. Qxb3 Bxe2
35. Ng3 Rd2 36. Rh3 Bxf3+ 37. Kxf3 Qd3+ 38. Kg2 Nxg4 39. Nh1 Qxe4+ 40. Rf3 Ne3+
41. Kg3 Qg4+ 42. Kh2 Qg2# 0-1

[Event "22nd ch-EUR Indiv 2022"]
[Site "Terme Catez SLO"]
[Date "2022.04.05"]
[Round "10.122"]
[White "Zirkelbach, Maj"]
[Black "Gramb, Marius"]
[Result "1/2-1/2"]
[WhiteTitle "FM"]
[WhiteElo "2295"]
[BlackElo "2107"]
[WhiteFideId "14613395"]
[BlackFideId "24656593"]
[EventDate "2022.03.27"]

1. d4 Nf6 2. c4 e6 3. g3 d5 4. Bg2 Bb4+ 5. Nd2 O-O 6. Nf3 dxc4 7. a3 Be7 8. Nxc4
c5 9. O-O Bd7 10. dxc5 Bxc5 11. b4 Be7 12. Nfe5 Nc6 13. Bf4 Rc8 14. Rc1 Nxe5 15.
Nxe5 Rxc1 16. Qxc1 Nd5 17. Nxd7 Nxf4 18. gxf4 Qxd7 19. Rd1 Qb5 20. e3 Bh4 21.
Qc7 Qe2 22. Rf1 Qa6 23. Qxb7 Qxa3 24. Be4 g6 25. b5 Rd8 26. Qc7 Qa4 27. Bc6 Rd1
28. Qb8+ Kg7 29. Qe5+ Bf6 30. Qc5 Rxf1+ 31. Kxf1 Qd1+ 32. Kg2 Qg4+ 33. Kf1 Qd1+
34. Kg2 Qg4+ 35. Kf1 Qd1+ 1/2-1/2

[Event "22nd ch-EUR Indiv 2022"]
[Site "Terme Catez SLO"]
[Date "2022.04.05"]
[Round "10.123"]
[White "Hulka, Valentyn"]
[Black "Rubil, Marko"]
[Result "1/2-1/2"]
[BlackTitle "FM"]
[WhiteElo "2105"]
[BlackElo "2293"]
[WhiteFideId "34107061"]
[BlackFideId "14501546"]
[EventDate "2022.03.27"]

1. c4 e5 2. Nc3 Nc6 3. Nf3 Nf6 4. e4 Bc5 5. Nxe5 Nxe5 6. d4 Bb4 7. dxe5 Nxe4 8.
Qf3 Nxc3 9. bxc3 Bf8 10. Bf4 Qe7 11. Bd3 g6 12. O-O Bg7 13. Rae1 O-O 14. Qg3 a5
15. Bg5 Qc5 16. Qh4 Re8 17. Bh6 Ra6 18. Bxg7 Kxg7 19. Qd4 Rc6 20. f4 b6 21. Rf2
d6 22. Rfe2 dxe5 23. Rxe5 Rxe5 24. Rxe5 Qxd4+ 25. cxd4 Ba6 26. d5 Rc5 27. Re4
Bc8 28. Rd4 Bd7 29. Kf2 Kf6 30. Ke3 Ke7 31. Re4+ Kd6 32. Kd4 c6 33. dxc6 Bxc6
34. Re2 Bd7 35. Re5 Rxe5 36. fxe5+ Ke6 37. Be4 Be8 38. g4 h6 39. h4 g5 40. hxg5
hxg5 41. Bf5+ Ke7 42. c5 bxc5+ 43. Kxc5 Ba4 44. Kb6 Bd7 45. Bxd7 Kxd7 46. Kc5 a4
47. Kd4 a3 48. Kc5 Ke6 49. Kd4 Kd7 50. Kd3 Ke7 51. Kc3 Ke6 52. Kd4 Kd7 53. Ke4
Ke6 54. Kd4 Kd7 55. Kd5 Ke7 56. Ke4 Ke6 57. Kd4 Kd7 58. Kd5 Ke7 59. Kd4 Kd7 60.
Ke4 1/2-1/2

[Event "22nd ch-EUR Indiv 2022"]
[Site "Terme Catez SLO"]
[Date "2022.04.05"]
[Round "10.124"]
[White "Kastelic, Marian"]
[Black "Novosel, Lovro"]
[Result "0-1"]
[WhiteTitle "FM"]
[WhiteElo "2287"]
[BlackElo "2099"]
[WhiteFideId "14602245"]
[BlackFideId "14547120"]
[EventDate "2022.03.27"]

1. d4 Nf6 2. Nf3 g6 3. c4 c5 4. Nc3 Bg7 5. d5 d6 6. Bf4 O-O 7. e3 Na6 8. h3 Nc7
9. Be2 b5 10. cxb5 a6 11. bxa6 Bxa6 12. e4 Qb8 13. Rb1 Nh5 14. Bd2 Nb5 15. O-O
Nd4 16. Bxa6 Rxa6 17. b3 Nf6 18. Re1 Nd7 19. a4 Nxf3+ 20. Qxf3 Qb7 21. Nb5 Rb8
22. Bc3 Bxc3 23. Qxc3 Nb6 24. Na3 Ra7 25. h4 Qa6 26. h5 Rab7 27. f4 c4 28. h6 f6
29. Qh3 Qa5 30. Qe6+ Kf8 31. Nb5 Nd7 32. bxc4 Qxa4 33. Rbc1 Qb4 34. e5 Nc5 35.
Qh3 Qd2 36. exd6 Nd3 37. Rcd1 Qf2+ 38. Kh2 Nxe1 39. Qg3 Qxg3+ 40. Kxg3 Nc2 41.
Rc1 Ne3 42. dxe7+ Rxe7 43. d6 Nf5+ 44. Kf3 Rd7 45. Rd1 Rb6 46. g4 Nxd6 47. Rd3
Ke8 48. Nc7+ Rxc7 0-1

[Event "22nd ch-EUR Indiv 2022"]
[Site "Terme Catez SLO"]
[Date "2022.04.05"]
[Round "10.125"]
[White "Eric, Jovana"]
[Black "Gregoric, Andraz"]
[Result "1/2-1/2"]
[WhiteTitle "WGM"]
[WhiteElo "2278"]
[BlackElo "2091"]
[WhiteFideId "938238"]
[BlackFideId "14629461"]
[EventDate "2022.03.27"]

1. e4 e5 2. Nf3 Nc6 3. Bc4 Bc5 4. c3 Nf6 5. d3 d6 6. O-O a5 7. Nbd2 O-O 8. Re1
Be6 9. Bb5 Qb8 10. Bxc6 bxc6 11. d4 Bb6 12. h3 Qa7 13. Nf1 Rfe8 14. Ng3 exd4 15.
cxd4 d5 16. e5 Nd7 17. Nh5 c5 18. Be3 cxd4 19. Nxd4 Bxd4 20. Bxd4 c5 21. Be3 d4
22. Bf4 Rab8 23. b3 a4 24. bxa4 Rb6 25. Qd3 Bd5 26. Qf5 Rg6 27. Bg3 h6 28. h4
Be6 29. Qe4 Rg4 30. Qf3 Qa8 31. Nf4 Qxf3 32. gxf3 Rxf4 33. Bxf4 Ra8 34. a5 Rxa5
35. a4 Bb3 36. Ra3 c4 37. e6 fxe6 38. Rxe6 Nc5 39. Rd6 d3 40. Be3 Nxa4 41. Kf1
Bc2 42. Rc6 Bb3 43. Ke1 Rb5 44. Kd2 Rh5 45. Ra6 Rxh4 46. f4 Nb2 47. Bd4 Rxf4 48.
Ra8+ Kh7 49. Rd8 Na4 50. Rd7 Rg4 51. Ra1 Bc2 52. Re1 Rxd4 53. Rxd4 c3+ 54. Ke3
d2 55. Rg1 Nb2 56. Rd7 h5 57. Rdxg7+ Kh6 58. Rf7 1/2-1/2

[Event "22nd ch-EUR Indiv 2022"]
[Site "Terme Catez SLO"]
[Date "2022.04.05"]
[Round "10.126"]
[White "Vaupot, Luka"]
[Black "Murko, David"]
[Result "1/2-1/2"]
[WhiteElo "2083"]
[BlackElo "2273"]
[WhiteFideId "14627671"]
[BlackFideId "14613891"]
[EventDate "2022.03.27"]

1. d4 Nf6 2. c4 g6 3. Nc3 d5 4. Nf3 Bg7 5. Bf4 c5 6. dxc5 Qa5 7. Rc1 dxc4 8. e3
Qxc5 9. Bxc4 Qxc4 10. Nd5 Qxd5 11. Rxc8+ Kd7 12. Rc7+ Kd8 13. Qa4 Nfd7 14. O-O
e5 15. Rfc1 Nc6 16. Rxb7 Rc8 17. Rd1 Nd4 18. Rxd7+ Qxd7 19. Qxd7+ Kxd7 20. Bxe5
Bxe5 21. Nxe5+ Ke6 22. exd4 Rc2 23. Nd3 Rd8 24. d5+ Kd6 25. g3 Re8 26. Kg2 f5
27. h4 Re4 28. Nf4 Rxb2 29. Rc1 Rd4 30. Rc6+ Kd7 31. Ra6 Rdd2 32. Rxa7+ Kd6 33.
Nh3 Rxa2 34. Rxh7 Ke5 35. Rh6 Ra6 36. h5 Rxd5 37. hxg6 Ra7 38. Nf4 1/2-1/2

[Event "22nd ch-EUR Indiv 2022"]
[Site "Terme Catez SLO"]
[Date "2022.04.05"]
[Round "10.127"]
[White "Easwaralingam, Adesh"]
[Black "Muetsch, Annmarie"]
[Result "1/2-1/2"]
[BlackTitle "WIM"]
[WhiteElo "2069"]
[BlackElo "2263"]
[WhiteFideId "1448552"]
[BlackFideId "12971367"]
[EventDate "2022.03.27"]

1. e4 e5 2. Nf3 Nc6 3. Bb5 a6 4. Ba4 d6 5. O-O Bd7 6. c3 Nf6 7. Re1 Be7 8. d4
O-O 9. h3 h6 10. Nbd2 exd4 11. cxd4 Nb4 12. Bxd7 Qxd7 13. Re3 a5 14. a3 Na6 15.
b3 a4 16. b4 d5 17. Ne5 Qb5 18. Rg3 Kh8 19. Qf3 Rad8 20. Nxf7+ Rxf7 21. e5 Kg8
22. exf6 Bxf6 23. Qd3 Qxd3 24. Rxd3 c5 25. Nf3 cxb4 26. axb4 Nxb4 27. Rc3 Ra8
28. Rc5 Rd7 29. Bd2 Nc6 30. Bc3 a3 31. Rb5 Ra4 32. Rb3 a2 33. Kf1 Re7 34. Rb2
Rc4 35. Rb3 Nxd4 36. Bxd4 Bxd4 37. Nxd4 Rxd4 38. Rb2 Ra4 39. Rbxa2 Rxa2 40. Rxa2
Kf7 41. Ra5 Ke6 42. Ke2 Kd6+ 43. Kd3 b6 44. Ra2 g5 45. f3 Ke5 46. Re2+ Kf6 47.
Rb2 Re6 48. Kd4 Rd6 49. Re2 Kf5 50. g3 Re6 51. Rb2 h5 52. Kxd5 Re3 53. Kd4 Re6
54. Rb5+ Kg6 55. Kd5 Rf6 56. Ke4 Re6+ 57. Kd5 Rf6 1/2-1/2

[Event "22nd ch-EUR Indiv 2022"]
[Site "Terme Catez SLO"]
[Date "2022.04.05"]
[Round "10.128"]
[White "Loukopoulos, Panagiotis-Athanasi"]
[Black "Vagman, Roy"]
[Result "1-0"]
[BlackTitle "CM"]
[WhiteElo "2020"]
[BlackElo "2247"]
[WhiteFideId "4293835"]
[BlackFideId "2828995"]
[EventDate "2022.03.27"]

1. e4 c5 2. Nc3 d6 3. f4 Nc6 4. Nf3 g6 5. Bb5 Bg7 6. Bxc6+ bxc6 7. d3 Nf6 8. O-O
O-O 9. Qe1 Ba6 10. b3 Nd7 11. Bd2 e6 12. e5 d5 13. Na4 c4 14. dxc4 dxc4 15. Rf2
Qc8 16. Be3 Qc7 17. Rd1 Bb5 18. Rfd2 Rfd8 19. Qh4 Bxa4 20. bxa4 f6 21. Bd4 g5
22. fxg5 fxe5 23. Be3 c3 24. Rd3 Nf8 25. g6 Rd5 26. gxh7+ Nxh7 27. Qg4 Re8 28.
Ng5 Nxg5 29. Bxg5 e4 30. Rg3 Rxd1+ 31. Qxd1 Rf8 32. Bh6 Rf7 33. Rxg7+ Rxg7 34.
Bxg7 Kxg7 35. Qd4+ Kf7 36. Qxe4 Qb6+ 37. Kf1 Qb1+ 38. Ke2 Qxa2 39. h4 c5 40.
Qb7+ Kg6 41. Qe4+ Kh5 42. g3 Qd5 43. Qf3+ Kg6 44. Qxc3 Qg2+ 45. Kd1 Qg1+ 46. Kd2
Qf2+ 47. Kc1 Qg1+ 48. Kb2 Qf2 49. Qe5 Kh7 50. Qe4+ Kg7 51. Qg4+ Kh7 52. Qh5+ Kg7
53. Qg5+ Kh7 54. Qe7+ Kh8 55. Qe8+ Kg7 56. Qxe6 Qd4+ 57. Kc1 c4 58. Qe7+ Kh8 59.
Qf8+ Kh7 60. Qf7+ Kh8 61. Qf4 Qa1+ 62. Kd2 Qxa4 63. Kc3 a5 64. Qd4+ Kh7 65. Qxc4
Qa3+ 66. Kd2 Qa1 67. Qd3+ Kg8 68. Qc3 Qg1 69. Qxa5 Kh8 70. Qe5+ Kh7 71. c3 Qa1
72. h5 Qb2+ 73. Ke3 Qc1+ 74. Kf3 Kg8 75. Qe8+ Kh7 76. Qg6+ Kh8 77. Qf6+ Kh7 78.
Qe7+ Kg8 79. Qd8+ Kh7 80. Qd3+ Kh8 81. g4 Kg7 82. Qd4+ Kg8 83. c4 Kh7 84. c5 Kg8
85. Qd8+ Kh7 86. Qd7+ Kh6 87. Qe6+ Kh7 88. Qe7+ Kh8 89. Qe5+ Kh7 90. Qe4+ Kh8
91. c6 Kg8 92. Qd5+ Kh8 93. Qe5+ Kh7 94. c7 Qf1+ 95. Kg3 Qg1+ 96. Kh4 Qf2+ 97.
Kg5 Qd2+ 98. Qf4 Qd5+ 99. Qf5+ 1-0

[Event "22nd ch-EUR Indiv 2022"]
[Site "Terme Catez SLO"]
[Date "2022.04.05"]
[Round "10.129"]
[White "Gershkowich, David"]
[Black "Franc, Borna"]
[Result "0-1"]
[WhiteTitle "FM"]
[WhiteElo "2233"]
[BlackElo "2013"]
[WhiteFideId "2803356"]
[BlackFideId "14555948"]
[EventDate "2022.03.27"]

1. e4 e5 2. Nf3 Nc6 3. Bb5 a6 4. Ba4 Nf6 5. O-O Be7 6. Re1 b5 7. Bb3 O-O 8. h3
d6 9. c3 Na5 10. Bc2 c5 11. d4 Qc7 12. Nbd2 Bd7 13. Nf1 Rfc8 14. d5 c4 15. Bd2
Nb7 16. g4 Nc5 17. Ng3 g6 18. Bg5 Qb6 19. Qd2 a5 20. Kh1 b4 21. Rg1 Rab8 22.
Rae1 bxc3 23. bxc3 Qd8 24. Nf5 Bxf5 25. gxf5 Rb2 26. Qc1 Rcb8 27. Nd2 Nd3 28.
Bxd3 cxd3 29. Qa1 Nxd5 30. exd5 Bxg5 31. Ne4 Bf4 32. f6 Qd7 33. Kg2 d2 34. Rb1
R2b6 35. f3 Qa4 36. Rxb6 Rxb6 37. Rb1 Qc2 38. Rxb6 d1=Q+ 39. Nf2 Qxf2+ 40. Kxf2
Qd2+ 41. Kf1 Qd3+ 42. Kf2 Qe3+ 43. Kf1 Qxf3+ 44. Kg1 Be3+ 45. Kh2 Qf2+ 46. Kh1
Bxb6 0-1

[Event "22nd ch-EUR Indiv 2022"]
[Site "Terme Catez SLO"]
[Date "2022.04.05"]
[Round "10.130"]
[White "Rakhmangulova, Anastasiya"]
[Black "Kovalskyi, Roman"]
[Result "0-1"]
[WhiteTitle "WIM"]
[WhiteElo "2229"]
[BlackElo "1807"]
[WhiteFideId "14117479"]
[BlackFideId "14184214"]
[EventDate "2022.03.27"]

1. e4 c5 2. Nf3 Nc6 3. d4 cxd4 4. Nxd4 g6 5. Nc3 Bg7 6. Be3 Nf6 7. Bc4 d6 8. f3
Qb6 9. Bb5 Qc7 10. Nd5 Nxd5 11. exd5 a6 12. Ba4 Qa5+ 13. c3 Qxd5 14. Nxc6 Qxd1+
15. Rxd1 Bd7 16. Nxe7 Bxa4 17. Nd5 Bxd1 18. Nc7+ Ke7 19. Nxa8 Bxf3 20. gxf3 Rxa8
21. Kf2 d5 22. Rd1 Ke6 23. a4 Rc8 24. a5 Kd6 25. Re1 Re8 26. Ra1 Be5 27. Ra4 Kc6
28. Bb6 h5 29. h4 f6 30. Be3 Bc7 31. Bd4 Re6 32. Ra1 Kb5 33. Rg1 f5 34. b4 Bd8
35. Kg3 Kc4 36. Kh3 Bc7 37. Kg2 Kd3 38. Rd1+ Kc2 39. Rf1 Re2+ 40. Kh1 Kd2 41.
Bf6 Re1 42. Kg2 Rxf1 43. Kxf1 Kd3 0-1

[Event "22nd ch-EUR Indiv 2022"]
[Site "Terme Catez SLO"]
[Date "2022.04.05"]
[Round "10.131"]
[White "Zlatkov, Anton"]
[Black "Shpanko, Nadiia"]
[Result "1-0"]
[BlackTitle "WIM"]
[WhiteElo "2081"]
[BlackElo "2247"]
[WhiteFideId "15005402"]
[BlackFideId "14132400"]
[EventDate "2022.03.27"]

1. e4 c5 2. Nf3 Nc6 3. Bb5 e5 4. O-O Bd6 5. c3 a6 6. Bxc6 dxc6 7. d4 cxd4 8.
cxd4 Bg4 9. dxe5 Bc7 10. Bf4 Qxd1 11. Rxd1 Ne7 12. Bg3 Bxf3 13. gxf3 Ng6 14. e6
Bxg3 15. exf7+ Kxf7 16. fxg3 Rad8 17. Nc3 Ne5 18. f4 Nc4 19. Rxd8 Rxd8 20. Rd1
Rxd1+ 21. Nxd1 a5 22. Kf2 b5 23. Ke2 Nd6 24. e5 Nf5 25. Kd3 h5 26. Ne3 Ne7 27.
Ke4 g6 28. h3 a4 29. g4 hxg4 30. hxg4 c5 31. f5 c4 32. a3 b4 33. Nxc4 bxa3 34.
bxa3 Nc6 35. Nb6 1-0

[Event "22nd ch-EUR Indiv 2022"]
[Site "Terme Catez SLO"]
[Date "2022.04.05"]
[Round "10.132"]
[White "Yakimenko, Alexander A."]
[Black "Gueci, Tea"]
[Result "0-1"]
[BlackTitle "WIM"]
[WhiteElo "2064"]
[BlackElo "2235"]
[WhiteFideId "24141917"]
[BlackFideId "872342"]
[EventDate "2022.03.27"]

1. e4 c5 2. Nc3 a6 3. g3 b5 4. Bg2 Bb7 5. d3 e6 6. Nf3 b4 7. Ne2 Nf6 8. O-O d5
9. e5 Nfd7 10. c3 Nc6 11. Bf4 Be7 12. h4 a5 13. Re1 O-O 14. Qd2 a4 15. a3 Na5
16. Qe3 Nb3 17. Ra2 bxc3 18. bxc3 Nb6 19. Bg5 Rb8 20. Qf4 Ba6 21. Rd1 Kh8 22.
Qg4 Bc8 23. Qh5 f6 24. Bf4 Rb7 25. Qg4 Nd7 26. h5 fxe5 27. Nxe5 Nxe5 28. Bxe5
Bf6 29. d4 cxd4 30. cxd4 Bxe5 31. dxe5 Rf5 32. f4 Qb6+ 33. Kh2 Rc7 34. Qf3 Ba6
35. Bh3 Bxe2 36. Qxe2 Rf8 37. Rb2 Qc6 38. Qg2 Qe8 39. Bg4 Qe7 40. Qe2 Rc4 41.
Kh3 Qxa3 42. Qf2 Nc5 43. Rb6 Ne4 44. Qe1 Rc3 45. Rxe6 Rxg3+ 46. Kh4 Rg2 0-1

[Event "22nd ch-EUR Indiv 2022"]
[Site "Terme Catez SLO"]
[Date "2022.04.05"]
[Round "10.133"]
[White "Damia, Angelo"]
[Black "Henseler, Jorgen"]
[Result "1-0"]
[WhiteTitle "IM"]
[WhiteElo "2223"]
[BlackElo "2059"]
[WhiteFideId "812668"]
[BlackFideId "1023233"]
[EventDate "2022.03.27"]

1. e4 c5 2. a3 g6 3. d4 cxd4 4. c3 dxc3 5. Nxc3 Bg7 6. Nf3 Nc6 7. Bc4 d6 8. Qb3
e6 9. Bg5 Nge7 10. O-O-O O-O 11. Be2 a6 12. Rd2 Qc7 13. Rhd1 d5 14. Kb1 d4 15.
Na4 b5 16. Nc5 e5 17. Rc2 Qd6 18. Rdc1 Rb8 19. Bd2 Rd8 20. h3 h6 21. Ne1 d3 22.
Qxd3 Nd4 23. Ba5 Rf8 24. Nb3 Qf6 25. Nxd4 exd4 26. Bc7 Rb7 27. Nf3 Nd5 28. Be5 1-0

[Event "22nd ch-EUR Indiv 2022"]
[Site "Terme Catez SLO"]
[Date "2022.04.05"]
[Round "10.134"]
[White "Hommer, Jeremy"]
[Black "Maksimovic, Masa"]
[Result "1/2-1/2"]
[BlackTitle "WFM"]
[WhiteElo "2221"]
[BlackElo "2063"]
[WhiteFideId "12992577"]
[BlackFideId "14408902"]
[EventDate "2022.03.27"]

1. d4 g6 2. e4 Bg7 3. Nc3 d6 4. Be3 a6 5. Qd2 b5 6. O-O-O c6 7. Kb1 Qc7 8. f3 h5
9. h4 Nf6 10. Nh3 Bxh3 11. Rxh3 Nbd7 12. Rh1 Nb6 13. Bd3 Nfd7 14. Ne2 c5 15. c3
Rb8 16. Ka1 Nc4 17. Bxc4 bxc4 18. Qc2 Qa5 19. g4 hxg4 20. fxg4 cxd4 21. cxd4 Nc5
22. Qxc4 O-O 23. Nc3 Rb4 24. Qd5 Rfb8 25. Bc1 e6 26. Qxd6 Nb3+ 27. Kb1 Nxc1 28.
Rh2 Bf8 29. Qf4 Qb6 30. Qxc1 Rxd4 31. h5 Rxd1 32. Nxd1 Qg1 33. Rc2 Rd8 34. Ne3
Qxc1+ 35. Rxc1 Bh6 36. Re1 Rd3 37. Nc4 gxh5 38. gxh5 Rh3 39. Kc2 Rxh5 40. Kd3
Kf8 41. e5 Ke7 42. Kd4 f6 43. exf6+ Kxf6 44. b3 Rh2 45. a4 Rh5 46. b4 Rh4+ 47.
Re4 Rxe4+ 48. Kxe4 Bf8 49. b5 axb5 50. axb5 Bc5 51. b6 1/2-1/2

[Event "22nd ch-EUR Indiv 2022"]
[Site "Terme Catez SLO"]
[Date "2022.04.05"]
[Round "10.135"]
[White "Arsenie, Cristian Marc"]
[Black "Vidic, Teja"]
[Result "0-1"]
[BlackTitle "WIM"]
[WhiteElo "1952"]
[BlackElo "2191"]
[WhiteFideId "1345923"]
[BlackFideId "14605511"]
[EventDate "2022.03.27"]

1. e4 c5 2. Nc3 e6 3. Nf3 Nc6 4. Bb5 Nge7 5. d4 cxd4 6. Nxd4 a6 7. Be2 g6 8. Bg5
Bg7 9. Nxc6 bxc6 10. Qd6 h6 11. Be3 O-O 12. O-O f5 13. Bc5 Rf7 14. Bc4 Qe8 15.
Na4 Bb7 16. Rad1 Nc8 17. Qg3 d5 18. Bb3 Kh7 19. e5 f4 20. Qc3 Qd8 21. f3 Ne7 22.
Qb4 Nc8 23. Rfe1 a5 24. Qc3 Ba6 25. Bd4 Bb7 26. Nc5 Qe8 27. Ba4 Ba6 28. Qxa5 Bb7
29. Qc3 Bf8 30. Bb3 Bxc5 31. Bxc5 Qd8 32. Rd4 g5 33. h3 Ne7 34. Rb4 Nf5 35. Rb6
h5 36. Qd3 Qg8 37. Kf2 Qg7 38. a4 Kg8 39. Qd1 Ra5 40. Bb4 Ne3 41. Qd4 g4 42. Rg1
Ra8 43. Bd2 g3+ 44. Ke1 c5 45. Qc3 c4 46. Bxe3 fxe3 47. Qxe3 cxb3 48. cxb3 Qg6
49. Kd2 Rc8 50. Rc1 Rxc1 51. Kxc1 Rc7+ 52. Kd1 Qb1+ 53. Ke2 Qxb2+ 0-1